书目信息 |
| 题名: |
土壤肥料学
|
|
| 作者: | ;辽宁省熊岳农业学校 主编 | |
| 分册: | 下册 | |
| 出版信息: | 北京 农业出版社 1961 |
|
| 页数: | 164页 | |
| 开本: | 20cm | |
| 丛书名: | ||
| 单 册: | ||
| 中图分类: | S1 | |
| 科图分类: | ||
| 主题词: | 农业科学--基础理论 | |
| 电子资源: | ||
| ISBN: | ||
| 000 | 00691nam0 2200217 450 | |
| 001 | 0633461811 | |
| 005 | 20060424092115.68 | |
| 010 | @dCNY0.45 | |
| 091 | @aK16144.1199 | |
| 100 | @a20060424d1961 km y0chiy0120 ea | |
| 101 | 0 | @achi |
| 102 | @aCN@b110000 | |
| 200 | 1 | @a土壤肥料学@Atu rang fei liao xue@h下册@f辽宁省熊岳农业学校主编@Fliao ning sheng xiong yue nong ye xue xiao zhu bian |
| 210 | @a北京@c农业出版社@d1961 | |
| 215 | @a164页@d20cm | |
| 300 | @a中等农业学校试用教科书;农学类各专业用 | |
| 606 | 0 | @a农业科学@x基础理论 |
| 690 | @aS1@v3 | |
| 711 | 0 | @a辽宁省熊岳农业学校@Aliao ning sheng xiong yue nong ye xue xiao@4主编 |
| 801 | 0 | @aCN@bPFT@c20060424 |
| 905 | @a10447@dS1@e3:2 | |
| 土壤肥料学.下册/辽宁省熊岳农业学校主编.-北京:农业出版社,1961 |
| 164页;20cm |
| 中等农业学校试用教科书;农学类各专业用 |
| ISBN :CNY0.45 |
| ● |
| 相关链接 |
|
|
|
|
正题名:土壤肥料学
索取号:S1/3:2
 
预约/预借
| 序号 | 登录号 | 条形码 | 馆藏地/架位号 | 状态 | 备注 |
| 1 | 0017435 | 202281360 | 密集书库/ [索取号:S1/3:2] | 在馆 |